000
00206nam a2200097Ia 4500
008
240331s9999 xx 000 0 und d
082
_b
ABD
100
_a
Abdulkareem, M
245
0
_a
Thamil veeram
942
_c
L
999
_c
3973
_d
3973